000 00504nam a2200193 a 4500
001 1777027203331
003 YourLibrary
005 20260424161207.0
008 260424s2005##################000#0#eng##
020 _a9781904385394
082 0 4 _a345.0772AAS
100 1 _aAas, Katja Franko,
_eauthor.
245 1 0 _aSentencing in the Age of Information :
260 _bPsychology Press,
_c2005.
300 _a232 pages
650 0 _aLaw.
942 _cENGLISH
040 _aYourLibrary
_beng
_cYourLibrary
999 _c619840
_d619840